Historia del mundo : (Registro nro. 236)

Detalles MARC
000 -Cabecera
Campo de control interno 00552nam a2200205Ia 4500
005 - Fecha y hora del registro
control field 20251205092713.0
008 - Elementos de Longitud Fija
fixed length control field 251203t1950||||xx |||||||||||||| ||spa||
041 ## - Idioma
Codigo Idioma ESP
082 ## - DEWEY y NOTACIÓN INTERNA
Dewey RO 909
Notación Interna P56
100 ## - AUTOR
Autor denominación Pijoan, José,
Títulos y otras palabras asociadas con el nombre AUT
245 #0 - TÍTULO DE MATERIAL BIBLIOGRÁFICO
Título Historia del mundo :
Título paralelo Tomos 1-5
250 ## - EDICIÓN
Edición Reimpresión revisada
260 ## - CIUDAD, EDITORIAL, AÑO
Ciudad Barcelona :
Nombre de la Editorial Salvat Editores,
Año 1950
300 ## - DESCRIPCIÓN
N° Páginas Varias paginaciones :
Otros detalles figuras ;
Dimensiones 25 cm.
650 ## - TEMAS
Temas Geografía
653 ## - DESCRIPTORES
Lenguajes no controlado Historia universal; Colección
654 ## - PROGRAMAS
Programa Todos los programas
942 ## - ELEMENTOS DE KOHA
Tipo de documento Libro
Nombre del creador Justo Noguera
Código de catalogador Tania Ramirez
Esquema de clasificación Dewey Decimal Classification
Existencias
Codigo completo Registro Colección Copia número Disponibilidad Tipo de préstamo Biblioteca Actual Procedencia (Biblioteca) Ubicacón Fecha Ingreso Tipo de Adquisición Date last seen Total checkouts Price effective from Tipo de Item Estado del Material Fuente de Clasificación Damaged status Withdrawn status
RO 909 P56 1085109 Colección Vera Bejar 1   Restringido Víctor Andrés Belaunde Víctor Andrés Belaunde Planta baja cerrada 03/12/2025 Donación 03/12/2025   03/12/2025 Libro Bueno Dewey Decimal Classification   Withdrawn